00365nam a2200145Ia 4500003000400000008004100004040001600045082001300061100002600074245004200100260003000142300001000172650001500182650002200197GCL140319s9999 xx 000 0 eng d aGCL / cGCL04a843bY A1 aYOURCENAR, MARGUERITE10aANNA, SOROR / cYOURCENAR, MARGUERITE a[S.N] : bFOLIO ، c1995 a114 P04aLITERATURE04aFRENCH LITERATURE